00657nam a2200193Ia 4500008004100000020001800041082001500059100002100074245005500095250000700150260003200157300002900189500001900218600002100237650005000258942000700308952013100315999001700446240925s9999 xx 000 0 und d a9783319586090 a005.12 STA aStaron, Miroslaw 0aAutomotive Software Architectures: An introduction aNA aNew York:bSpringerc,2017. aviii, 500p.b0fOriginal aIncludes Index aComputer Science aComputer science, information & general works cBK 001040708SEaUITUbUITUd2018-04-30eRoyal Book Companyg507.00l0o005.12 STApQ11671r2024-09-25 07:16:09w2024-09-25yBK c14170d14170